000 004170000a22001690004500
999 _c47415
_d47415
001 157
003 CO-MdFUSB
005 20170927185609.0
008 170927b xxu||||| |||| 00| 0 eng d
040 _cCO-MdBIC
082 0 4 _a868HC F962c
245 1 0 _aLa creacíon / Dibujos de Kees de Kort
260 _aMadrid : Sociedad Bíblica de España
300 _a[28 P.]
650 1 4 _aLiteratura Infantil
942 _cLGB